[Event "ch-GRE"]
[Site "Athens GRE"]
[Date "2004.12.10"]
[Round "7"]
[White "Nikolaidis,I"]
[Black "Moutousis,K"]
[Result "1/2-1/2"]
[WhiteElo "2527"]
[BlackElo "2422"]

1.d4 d5 2.Nf3 Nf6 3.c4 dxc4 4.e3 e6 5.Bxc4 c5 6.O-O a6 7.b3 Nc6 8.dxc5 Bxc5
9.Qxd8+ Kxd8 10.Bb2 Ke7 11.Nbd2 b6 12.Ng5 Na5 13.Be2 Bb7 14.a3 Bd6 15.b4 Nc6
16.f4 Rad8 17.Rfd1 Bb8 18.Bf3 h6 19.Nge4 Nxe4 20.Nxe4 Rxd1+ 21.Rxd1 f6 22.Kf2 Rc8
23.Rc1 Nd8 24.Rxc8 Bxc8 25.g4 Nf7 26.h4 Nd6 27.Nd2 Bc7 28.h5 Bd7 29.g5 Ba4
30.g6 b5 31.Bd4 a5 32.Bc5 Kd7 33.bxa5 Bxa5 34.Ne4 Nxe4+ 35.Bxe4 f5 36.Bf3 Bc3
37.Bb4 Bb2 38.Ke2 Bb3 39.Kd2 Bd5 40.Be2 Kc6 41.Kc2  1/2-1/2

[Event "Master Open"]
[Site "Singapore SIN"]
[Date "2004.12.12"]
[Round "2"]
[White "Gokhale,A"]
[Black "Yeo Min Yang,E"]
[Result "0-1"]
[WhiteElo "2188"]
[BlackElo "2245"]

1.d4 d5 2.c4 dxc4 3.e3 Nf6 4.Bxc4 e6 5.Nf3 c5 6.Qe2 Nc6 7.dxc5 Bxc5 8.O-O O-O
9.e4 Qc7 10.e5 Nd7 11.Bf4 Nd4 12.Nxd4 Bxd4 13.Re1 Bxb2 14.Qxb2 Qxc4 15.Be3 b6
16.Na3 Qg4 17.Rac1 Bb7 18.f4 Rac8 19.Nb5 Bd5 20.Nd6 Rxc1 21.Rxc1 h5 22.h3 Qg6
23.Qc2 Qh6 24.Qd2 h4 25.Nf5 exf5 26.Qxd5 Nc5 27.Bxc5 bxc5 28.Rxc5 Qxf4 29.Rc7 a6
30.Qc5 g6 31.e6 Qe4 32.exf7+ Rxf7 33.Rc8+ Kh7 34.Qc3 Kh6 35.Rc4 Qe7 36.Rc6 Qe2
37.Rc4 Kg5 38.Qd4 Qe1+ 39.Kh2 Re7 40.Qf4+ Kh5 41.Rc8 Qe5 42.Qxe5 Rxe5 43.Rc2 Ra5
44.Kg1 Ra3 45.Kf2 Kg5 46.Re2 Kf4 47.Rb2 a5 48.Rc2 Ra4 49.Rd2 g5 50.Rc2 g4
51.Rd2 gxh3 52.gxh3 Ra3 53.Kg2 Ke3 54.Rf2 Ke4 55.Rc2 f4 56.Re2+ Re3 57.Rc2 Rg3+
58.Kh2 f3 59.Rc8 Rg2+ 60.Kh1 Rxa2 61.Re8+ Kf4  0-1

[Event "Open"]
[Site "Zadar CRO"]
[Date "2004.12.14"]
[Round "2"]
[White "Bosiocic,Mari"]
[Black "Lalic,B"]
[Result "1/2-1/2"]
[WhiteElo "2313"]
[BlackElo "2515"]

1.d4 Nf6 2.Nf3 d5 3.c4 dxc4 4.e3 e6 5.Bxc4 c5 6.O-O Nc6 7.Qe2 cxd4 8.Rd1 Be7
9.exd4 O-O 10.Nc3 Na5 11.Bd3 b6 12.Bg5 Bb7 13.Ne5 Nd5 14.Qh5 f5 15.h4 Rc8
16.Rac1 Bxg5 17.Qxg5 h6 18.Qxd8 Rfxd8 19.Nxd5 Bxd5 20.b3 Kf8  1/2-1/2

[Event "XVII Torre Mem KO"]
[Site "Yucatan MEX"]
[Date "2004.12.17"]
[Round "1.4"]
[White "Vera,R"]
[Black "Sulskis,S"]
[Result "1/2-1/2"]
[WhiteElo "2461"]
[BlackElo "2555"]

1.d4 d5 2.c4 dxc4 3.e3 Nf6 4.Bxc4 e6 5.Nf3 c5 6.Qe2 cxd4 7.exd4 Bb4+ 8.Nc3 O-O
9.O-O Bxc3 10.bxc3 b6 11.Ne5 Bb7 12.Bg5 Nbd7 13.f4 Rc8 14.f5 Bd5 15.Bb5 Qc7
16.c4 Nxe5 17.dxe5 Ne4 18.cxd5 Nxg5 19.h4 Ne4 20.Qxe4 Qc5+ 21.Kh2 Qxb5 22.fxe6 fxe6
23.dxe6 Rxf1 24.a4 Qa6 25.Qd5 h6 26.e7+ Kh7 27.Qe6 Rxa1 28.Qf5+ Kg8 29.Qe6+ Kh7
30.Qf5+ Kg8 31.Qe6+ Kh7 32.Qf5+  1/2-1/2

[Event "Revolution Mem"]
[Site "Bucharest ROM"]
[Date "2004.12.19"]
[Round "6"]
[White "Jianu,V"]
[Black "Breahna,R"]
[Result "1/2-1/2"]
[WhiteElo "2444"]
[BlackElo "2309"]

1.d4 d5 2.c4 dxc4 3.Nf3 Nf6 4.e3 e6 5.Bxc4 c5 6.O-O a6 7.b3 b6 8.Bb2 Bb7
9.Nc3 cxd4 10.Nxd4 Be7 11.Be2 O-O 12.Bf3 Ra7 13.Rc1 b5 14.Bxb7 Rxb7 15.Qf3 Rd7
16.Ne4 Rd5 17.Rc2 Nxe4 18.Qxe4 Bf6 19.h3 Qb6 20.Rfc1 Re8 21.Rc8 Rdd8 22.R8c7 Rd7
23.R7c5 h6 24.b4 Red8 25.Rc8 Rxc8 26.Rxc8+ Rd8 27.Rc1 Qd6 28.a3 Qd5 29.Qc2 Qd7
30.Ba1 Kh8 31.Qc5 Be7 32.Qb6 Rc8 33.Rxc8+ Qxc8 34.Bb2 Bf6 35.g3 Nd7 36.Qd6 Ne5
37.Qc5 Qd7 38.Bc3 Nc4 39.a4 e5 40.Nf3 Qxh3 41.axb5 axb5 42.Bxe5 Bxe5 43.Nxe5 Nxe5
44.Qxe5 Qd7 45.e4 Kg8 46.Qc5 Qd1+ 47.Kg2 Qe2 48.Qd5 g6 49.Qd8+ Kg7 50.Qd4+ Kg8  1/2-1/2

[Event "Lidums Australian Open"]
[Site "Mount Buller AUS"]
[Date "2004.12.31"]
[Round "4"]
[White "Hecht,HJ"]
[Black "Guthrie,A"]
[Result "1/2-1/2"]
[WhiteElo "2389"]
[BlackElo "2170"]

1.d4 d5 2.c4 dxc4 3.Nf3 Nf6 4.e3 e6 5.Bxc4 c5 6.O-O Nc6 7.Qe2 cxd4 8.Rd1 Be7
9.exd4 O-O 10.Nc3 Na5 11.Bd3 b6 12.Bg5 Bb7 13.Rac1 Rc8 14.h4 g6 15.Ne5 Nc6
16.Bh6 Nxd4 17.Qe1 Bc5 18.Bxf8 Qxf8 19.Ne4 Nd5 20.Nxc5 bxc5 21.Be4 Qd6 22.Nf3 f5
23.Nxd4 fxe4 24.Nb3 Qe7 25.Nd2 Nf4 26.Qe3 Qxh4 27.Nf1 Qg4 28.Ng3 Nd3 29.b4 Nxc1
30.Rxc1 cxb4 31.Rxc8+ Bxc8 32.Qxa7 Qd1+ 33.Kh2 Qd6 34.Qa8 Qc5 35.Nxe4 Qh5+
36.Kg3 Qe5+ 37.f4 Qc7 38.Qa4 Qe7 39.Qa8 Qb7 40.Qa4 Qxe4 41.Qe8+ Kg7 42.Qe7+  1/2-1/2

[Event "Open A"]
[Site "Krakow POL"]
[Date "2005.01.02"]
[Round "7"]
[White "Malaniuk,V"]
[Black "Carstensen,J"]
[Result "1-0"]
[WhiteElo "2513"]
[BlackElo "2311"]

1.d4 d5 2.c4 dxc4 3.e3 e6 4.Bxc4 c5 5.Nf3 Nf6 6.O-O a6 7.dxc5 Qxd1 8.Rxd1 Bxc5
9.Nbd2 Nc6 10.Be2 Ke7 11.b3 b6 12.Ne1 Nd5 13.Bb2 f6 14.Ne4 Bb4 15.Nd3 Rd8
16.a3 Bd6 17.Nxd6 Rxd6 18.Bf3 Bb7 19.e4 Nc7 20.e5 Rd7 21.Nb4 Rxd1+ 22.Rxd1 Nxb4
23.Bxb7 Rb8 24.exf6+ gxf6 25.Be4 Nbd5 26.Bxh7 b5 27.Bd3 a5 28.g3 Na6 29.a4 Nc5
30.Bxb5 Nxb3 31.Ba3+ Kf7 32.Rd3 Na1 33.Bc1 Nc2 34.Bd2 Ncb4 35.Rd4 Nc2 36.Rh4 Na3
37.Bd3 Rb3 38.Bf1 Nc3 39.Kg2 Nab1 40.Be1 Ra3 41.Bd3 f5 42.Rh7+ Kg6 43.Rb7 Ra1
44.Rb3  1-0

[Event "Lidums Australian Open"]
[Site "Mount Buller AUS"]
[Date "2005.01.05"]
[Round "8"]
[White "Bjelobrk,I"]
[Black "Guthrie,A"]
[Result "1-0"]
[WhiteElo "2377"]
[BlackElo "2170"]

1.d4 d5 2.c4 dxc4 3.Nf3 Nf6 4.e3 e6 5.Bxc4 c5 6.O-O Nc6 7.Nc3 cxd4 8.exd4 Be7
9.Re1 O-O 10.a3 a6 11.Ba2 b5 12.d5 exd5 13.Nxd5 Nxd5 14.Qxd5 Bb7 15.Qh5 g6
16.Qh6 Nd4 17.Ng5 Bxg5 18.Bxg5 Qd6 19.Rac1 Rac8 20.Be7 Rxc1 21.Qxf8+  1-0

[Event "112th ch-NZL"]
[Site "Wanganui NZL"]
[Date "2005.01.05"]
[Round "6"]
[White "Civin,T"]
[Black "McDonald,Jo"]
[Result "1-0"]
[WhiteElo "2414"]
[BlackElo "2018"]

1.d4 d5 2.c4 dxc4 3.Nf3 Nf6 4.e3 c5 5.Bxc4 e6 6.O-O a6 7.a4 Be7 8.Qe2 O-O
9.Rd1 Qc7 10.Nc3 Nc6 11.h3 b6 12.d5 exd5 13.Nxd5 Nxd5 14.Bxd5 Bb7 15.e4 Bf6
16.Be3 Rfe8 17.Rac1 Nb4 18.a5 Nxd5 19.exd5 Rad8 20.Qc4 b5 21.Qxc5 Qxc5 22.Rxc5 Bxb2
23.Rd3 b4 24.d6 Be4 25.Rd2 Bc3 26.d7 Rf8 27.Rd1 Bc2 28.Rd6 Ba4 29.Rc7 Bf6
30.Bg5 Bxg5 31.Nxg5 b3 32.Ne4 f5 33.Nc3 b2 34.Rb7 Bb5 35.Rd2 Rf7 36.Rxb2 Bxd7
37.Rd2 Kf8 38.Na4 Ke8 39.Nc5 Re7 40.Nxa6 Bc8 41.Rxe7+ Kxe7 42.Rxd8 Kxd8 43.Nb4 Kc7
44.Kh2 Kd6 45.Kg3 Kc5 46.Nc2 Kb5 47.Kf4 Kxa5 48.Nd4 g6 49.Kg5 Bb7 50.h4 Kb4
51.g4 Kc5 52.gxf5 gxf5 53.Nxf5 Kd5 54.Kf6 Ba6 55.Ng3 Bd3 56.h5 Bc2 57.h6 Kd4
58.Kg7 Bg6 59.f4 Bd3 60.f5  1-0

[Event "ch-Kiev"]
[Site "Kiev UKR"]
[Date "2005.01.15"]
[Round "1"]
[White "Golichenko,I"]
[Black "Galinsky,T"]
[Result "0-1"]
[WhiteElo "2240"]
[BlackElo "2416"]

1.d4 d5 2.c4 dxc4 3.Nf3 Nf6 4.e3 e6 5.Bxc4 c5 6.O-O a6 7.a4 Be7 8.Nc3 O-O
9.Qe2 Nc6 10.Rd1 cxd4 11.exd4 Nb4 12.Bg5 Nbd5 13.Rac1 Nxc3 14.bxc3 Bd7 15.Qa2 b5
16.Bb3 bxa4 17.Bxa4 Qa5 18.Bb3 Qxa2 19.Bxa2 h6 20.Bh4 Ba3 21.Rb1 Ne4 22.Ne5 Ba4
23.Bb3 Nxc3 24.Bxa4 Nxa4 25.Rb3 Bd6 26.Nc4 Rfb8 27.Rxb8+ Bxb8 28.Rd3 g5 29.Bxg5 hxg5
30.Ra3 Ba7 31.Rxa4 Bxd4 32.g3 Kg7 33.Kg2 Bc3 34.Nb6 Rd8 35.Rc4 Rd3 36.Rc5 Bd4
37.Rc6 Rd2 38.Nc8 g4 39.h4 Rxf2+ 40.Kh1 Rf3 41.Rc4 e5 42.Kg2 Rc3  0-1

[Event "IMA2"]
[Site "Marianske Lazne CZE"]
[Date "2005.01.22"]
[Round "1"]
[White "Bronowicki,M"]
[Black "Sarbok,T"]
[Result "1/2-1/2"]
[WhiteElo "2200"]
[BlackElo "2362"]

1.d4 d5 2.c4 dxc4 3.Nf3 Nf6 4.e3 e6 5.Bxc4 c5 6.O-O a6 7.Qe2 Qc7 8.Rd1 Be7
9.a4 Nc6 10.Nc3 O-O 11.dxc5 Bxc5 12.h3 Ne5 13.b3 Nxf3+ 14.Qxf3 Bd7 15.e4 Bc6
16.Bg5 Be7 17.Bd2 Rfd8 18.Qe2 Bd6 19.Rac1 Be5 20.Be1 Rxd1 21.Rxd1 Rd8 22.Rxd8+ Qxd8
23.Qd3 Qxd3 24.Bxd3 Bxc3 25.Bxc3 Bxe4 26.Bxf6 Bxd3 27.Bd4 Bc2 28.a5 Bxb3
29.f4 f6 30.Kf2 Kf7 31.Ke3 Kg6 32.g3 h5 33.h4 Kf5 34.Bb6 Bd5 35.Bc7 Bc6 36.Bb6 e5
37.fxe5 Kxe5 38.Bd4+ Kf5 39.Bb6 g5 40.hxg5 fxg5 41.Bd8 Kg4 42.Kf2 b5 43.axb6 Bb7
44.Be7 a5 45.Ke3 Kxg3 46.Bxg5 Kg4 47.Be7 Kf5 48.Kd3 Ke6 49.Bh4 Kd5 50.Kc3 Kc5
51.Bf2+ Kb5 52.Kb3 Be4 53.Kb2 a4 54.Ka1 Bd5 55.Kb2 Bc6 56.Ka1 Be4 57.Kb2 Bd5
58.Ka3 Ka5 59.Kb2 Kb4 60.Be1+ Kb5 61.Bf2 Bb7 62.Ka3 Ka5 63.Be1+ Kb5 64.Bf2 Bc6
65.Kb2 Kc4 66.Ka3 Kb5 67.Kb2 Bd5 68.Ka3 Bc6 69.Kb2 Kb4 70.Be1+ Kc4 71.Ka3  1/2-1/2

[Event "1st IRT Open"]
[Site "Villa Ballester ARG"]
[Date "2005.01.25"]
[Round "3"]
[White "Alvarez,R2"]
[Black "Caramia,J"]
[Result "1/2-1/2"]
[WhiteElo "2133"]
[BlackElo "2187"]

1.d4 d5 2.c4 dxc4 3.Nf3 Nf6 4.e3 e6 5.Bxc4 c5 6.O-O a6 7.dxc5 Bxc5 8.Qxd8+ Kxd8
9.Nbd2 b6 10.Ne5 Ke7 11.Nd3 Bd6 12.e4 Ng4 13.Nf3 Nd7 14.h3 Nge5 15.Ndxe5 Nxe5
16.Nxe5 Bxe5 17.Rb1 Bb7 18.Re1 Rac8 19.b3 Rhd8 20.Bb2 Bxb2 21.Rxb2 Rd4 22.f3 g5
23.Kf2 Rcd8 24.Bf1 Rd2+ 25.Re2 Rxb2 26.Rxb2 Kf6 27.Rc2 Rd7  1/2-1/2

[Event "Zimski Winter Open"]
[Site "Belgrade SCG"]
[Date "2005.01.28"]
[Round "6"]
[White "Nestorovic,De"]
[Black "Ostojic,N"]
[Result "1/2-1/2"]
[WhiteElo "2402"]
[BlackElo "2430"]

1.d4 d5 2.c4 dxc4 3.Nf3 Nf6 4.e3 e6 5.Bxc4 c5 6.O-O a6 7.Bb3 b5 8.a4 b4 9.Nbd2 cxd4
10.exd4 Bb7 11.a5 Be7 12.Nc4 Nbd7 13.Bf4 O-O 14.Nd6 Qb8 15.Nxb7 Qxf4 16.d5 Rfb8
17.g3 Qc7 18.d6 Qxb7 19.dxe7 Nc5 20.Bc4 Qxe7 21.Qe2 Rd8 22.Ne5 Qc7 23.Rfc1 Nfe4
24.Nd3 Qb7 25.Qe3 Nxd3 26.Bxd3 Nf6 27.Bf1 Nd5 28.Qe2 Rd6 29.Rc5 Qe7 30.Rac1 Qd8
31.Qc4 g6 32.h4 h5 33.Bg2 Kg7 34.Bxd5 exd5 35.Qd4+ Qf6 36.Rd1 Qxd4 37.Rxd4 Rad8
38.Kf1 Kf6 39.Ke2 Ke6 40.Rxb4 Ke5 41.Kd3 R8d7 42.Rd4 Rb7 43.b4 Ke6 44.Kc3 Ke5
45.f3 Ke6 46.Rd2 d4+ 47.Kc4 d3 48.Kc3 Rbd7 49.Rc4 f6 50.Rc5 f5 51.f4 Kf6  1/2-1/2

[Event "Oceania zt"]
[Site "Auckland NZL"]
[Date "2005.01.31"]
[Round "2"]
[White "Reilly,T"]
[Black "Guthrie,A"]
[Result "1-0"]
[WhiteElo "2302"]
[BlackElo "2170"]

1.d4 d5 2.c4 dxc4 3.e3 Nf6 4.Bxc4 e6 5.Nf3 c5 6.O-O Nc6 7.Nc3 cxd4 8.exd4 Be7
9.Bg5 O-O 10.Re1 b6 11.a3 Bb7 12.Qd3 Nd5 13.Bd2 Nf6 14.Rad1 h6 15.Ba2 Bd6
16.d5 exd5 17.Nxd5 Nxd5 18.Qxd5 Bc5 19.Qh5 Nd4 20.Ne5 Bd5 21.Bxd5 Qxd5 22.b4 Nc2
23.Bf4 Bd4 24.Re2 Nxa3 25.Bxh6 gxh6 26.Qg4+ Kh8 27.Rxd4 Rfc8 28.Qf4 Qxd4
29.Qf6+  1-0

[Event "It"]
[Site "Chernigov UKR"]
[Date "2005.02.01"]
[Round "13"]
[White "Mihajlovskij,S"]
[Black "Tihonov,J"]
[Result "1/2-1/2"]
[WhiteElo "2411"]
[BlackElo "2454"]

1.d4 d5 2.c4 dxc4 3.Nf3 Nf6 4.e3 e6 5.Bxc4 c5 6.O-O a6 7.dxc5 Qxd1 8.Rxd1 Bxc5
9.a3 b5 10.Be2 Bb7 11.b4 Be7 12.Bb2 Nbd7 13.Nbd2 O-O 14.Nb3 Rfc8 15.Rac1 Rxc1
16.Rxc1 Rc8 17.Rxc8+ Bxc8 18.Kf1 Kf8 19.Ke1 Ke8 20.Ne5 Nxe5 21.Bxe5 Bb7 22.g3  1/2-1/2

[Event "ch-POL u-20"]
[Site "Sroda Wlkp. POL"]
[Date "2005.02.01"]
[Round "2"]
[White "Luch,M"]
[Black "Warakomski,T"]
[Result "1/2-1/2"]
[WhiteElo "2384"]
[BlackElo "2397"]

1.d4 d5 2.c4 dxc4 3.Nf3 Nf6 4.e3 e6 5.Bxc4 c5 6.O-O a6 7.Bb3 Nc6 8.Qe2 cxd4
9.Rd1 d3 10.Rxd3 Qc7 11.Nc3 Be7 12.e4 Nd7 13.Rd1 O-O 14.a3 b5 15.Be3  1/2-1/2

[Event "ch-FRA Top 16 GpA"]
[Site "Mulhouse FRA"]
[Date "2005.02.04"]
[Round "1"]
[White "Van der Stricht,G"]
[Black "Gouliev,N"]
[Result "0-1"]
[WhiteElo "2425"]
[BlackElo "2514"]

1.d4 d5 2.c4 dxc4 3.Nf3 Nf6 4.e3 e6 5.Bxc4 c5 6.Qe2 cxd4 7.exd4 Be7 8.O-O O-O
9.Nc3 Nbd7 10.Bg5 Nb6 11.Bb3 Bd7 12.Ne5 Bc6 13.Nxc6 bxc6 14.Rfd1 Nfd5 15.Bxe7 Qxe7
16.Ne4 a5 17.a3 Qa7 18.Rac1 Ne7 19.Rc3 Nbd5 20.Rc2 Rab8 21.Ba4 Nf5 22.Qd2 Rfd8
23.Rc5 Nb6 24.Rxa5 Qc7 25.Qc3 Nd5 26.Qc5 Rxb2 27.g3 Re2 28.Ra7 Qb8 29.Ng5 Nde3
30.fxe3 Qb2 31.Nf3 Nxe3 32.Qh5 Rf8 33.Re1 Rg2+ 34.Kh1 Rxg3 35.Nh4 Rh3 36.Qe5 Ng4  0-1

[Event "FSGM February"]
[Site "Budapest HUN"]
[Date "2005.02.05"]
[Round "1"]
[White "Boros,De"]
[Black "Berczes,D"]
[Result "1/2-1/2"]
[WhiteElo "2404"]
[BlackElo "2313"]

1.d4 d5 2.c4 dxc4 3.Nf3 Nf6 4.e3 e6 5.Bxc4 c5 6.dxc5 Qxd1+ 7.Kxd1 Bxc5 8.Nc3 a6
9.Ke2 b5 10.Bd3 Bb7 11.a3 Nbd7 12.b4 Bd6 13.Bb2 Ke7 14.Rac1 Rac8 15.h3 h6
16.Rhd1 Rhd8 17.Nb1 Rxc1 18.Rxc1 Rc8 19.Rxc8 Bxc8 20.Nbd2 Bb7  1/2-1/2

[Event "TCh-SWE Elitserien 2004-5"]
[Site "Sweden SWE"]
[Date "2005.02.05"]
[Round "7"]
[White "Bator,R"]
[Black "Loven,A"]
[Result "1-0"]
[WhiteElo "2419"]
[BlackElo "2148"]

1.d4 d5 2.Nf3 Nf6 3.c4 dxc4 4.e3 e6 5.Bxc4 c5 6.O-O a6 7.Bd3 Nc6 8.a3 cxd4
9.exd4 Be7 10.Bc2 O-O 11.Qd3 b5 12.Bg5 g6 13.Nbd2 Bb7 14.Rfd1 Rc8 15.Nb3 Qd5
16.Rac1 Nd7 17.h4 Bxg5 18.hxg5 Ne7 19.Nbd2 Qf5 20.Qxf5 gxf5 21.b4 Rc3 22.Nb1 Rc7
23.Bd3 Rfc8 24.Rxc7 Rxc7 25.Nfd2 Bd5 26.Nf1 Bb3 27.Re1 Nd5 28.Ne3 Nxe3 29.fxe3 Bd5
30.Kf2 Kg7 31.Rg1 Nb6 32.g4 Be4 33.Ke2 Nd5 34.gxf5 Bxd3+ 35.Kxd3 exf5 36.e4 fxe4+
37.Kxe4 Nc3+ 38.Nxc3 Rxc3 39.d5 Kf8 40.Rh1 Ke7 41.Rxh7 Rg3 42.Kf4 Rg1 43.Rh6 Rf1+
44.Ke4 Rg1 45.Rxa6 Rxg5 46.Kd4 f5 47.Re6+ Kf7 48.Re3 Kf6 49.d6 Rg7 50.Kd5 f4
51.Re6+ Kf5 52.Re7  1-0

[Event "Nordea Cup"]
[Site "Dianalund DEN"]
[Date "2005.02.14"]
[Round "3"]
[White "Olsen,H"]
[Black "Naes,F"]
[Result "1-0"]
[WhiteElo "2345"]
[BlackElo "2302"]

1.Nf3 d5 2.d4 Nf6 3.c4 dxc4 4.e3 e6 5.Bxc4 c5 6.O-O a6 7.a4 Nc6 8.Qe2 Qc7
9.Rd1 Be7 10.Nc3 O-O 11.h3 Rd8 12.d5 exd5 13.Nxd5 Nxd5 14.Rxd5 Rxd5 15.Bxd5 Bf6
16.e4 Nd4 17.Nxd4 Bxd4 18.Be3 Bxe3 19.Qxe3 Bd7 20.Rc1 Bxa4 21.Rxc5 Bc6 22.Bxc6 bxc6
23.Qc3 Rc8 24.Qc4 Qb7 25.b4 h6 26.e5 Re8 27.Qe4 Rc8 28.f4 Qd7 29.Kh2 Rb8
30.Rxc6 Rxb4 31.Qc2 Rb8 32.Rxa6 Qd4 33.Ra4 Qe3 34.Re4 Qa3 35.Rc4 Rd8 36.Rc7 Qd3
37.Qxd3 Rxd3 38.g4 Rf3 39.Rc4 g5 40.f5 Re3 41.Rc8+ Kh7 42.Re8 Kg7 43.Kg2 Re4
44.Kf2 Rf4+ 45.Ke3 h5 46.f6+ Kh6 47.gxh5 Kxh5 48.Rg8 Rf1 49.Rg7 Re1+ 50.Kd4 Rd1+
51.Kc5 Kh4 52.Rxf7 Kxh3 53.e6  1-0

[Event "71st ch-BRA"]
[Site "Sao Paulo BRA"]
[Date "2005.02.19"]
[Round "8"]
[White "Limp,E"]
[Black "El Debs,F"]
[Result "1/2-1/2"]
[WhiteElo "2445"]
[BlackElo "2351"]

1.d4 c5 2.e3 Nf6 3.Nf3 d5 4.c4 dxc4 5.Bxc4 e6 6.O-O a6 7.dxc5 Qxd1 8.Rxd1 Bxc5
9.Nbd2 Ke7 10.a3 b5 11.Be2 Bb7 12.Nb3 Bb6 13.Bd2 Nc6 14.Nfd4 Rhc8 15.Nxc6+ Bxc6
16.Ba5 Bxa5 17.Nxa5 Bd5 18.Rac1 Rxc1 19.Rxc1 Kd7 20.f3 Rc8 21.Rxc8 Kxc8 22.e4 Bb7
23.Kf2 Kc7 24.Ke3 Kb6 25.b4 Nd7 26.f4 Ba8 27.g3 Nb8 28.Kd4 Kc7 29.Bd3 h6
30.Be2 Nd7 31.Nb3 f6 32.e5 fxe5+ 33.fxe5 Bd5 34.Nc5 Nb8 35.Bg4 Nc6+ 36.Kc3 Nxe5
37.Bxe6 Bb7 38.Nxb7 Kxb7 39.Bd5+ Kc7 40.Kd4 Nd7 41.Be6 Nb8 42.Ke4 Kd6 43.Bc8 Kc7
44.Bg4 Kd6 45.Bc8 Kc7 46.Bh3 Kd6 47.Kf5 Ke7 48.Kg6 Kf8 49.Bc8 Kg8 50.Bb7 Kf8
51.h4 Kg8 52.g4 Kf8 53.Bc8 Kg8 54.Kf5 Kf7 55.h5 Ke7 56.Ke5 a5 57.bxa5 Nc6+
58.Kd5 Nxa5 59.Kc5 Nc4 60.Kb4 Kd6 61.Bf5 Kd5 62.Bc8 Kc6 63.Bf5 Kd5 64.Bd7 Ne5
65.Be8 Kd6 66.Kxb5 Kc7 67.a4 Kb7 68.Kc5 Nxg4 69.Kd6 Kb6 70.Ke7 Nf6 71.Kf8 Ka5  1/2-1/2

[Event "12th Metalis Open"]
[Site "Bizovac CRO"]
[Date "2005.02.25"]
[Round "4"]
[White "Erdos,V"]
[Black "Stevic,H"]
[Result "1/2-1/2"]
[WhiteElo "2453"]
[BlackElo "2502"]

1.d4 d5 2.c4 dxc4 3.Nf3 Nf6 4.e3 e6 5.Bxc4 c5 6.O-O a6 7.Bb3 Nc6 8.Qe2 cxd4
9.Rd1 d3 10.Rxd3 Qc7 11.Nc3 Bc5 12.h3 O-O 13.e4 Nd7 14.Be3 Nce5 15.Nxe5 Nxe5
16.Rdd1 Bxe3 17.Qxe3 Bd7 18.Rac1 Bc6 19.Nd5 exd5 20.exd5 Rfe8 21.dxc6 Nxc6
22.Qf3 Re7 23.Bd5 Rae8 24.g3 Ne5 25.Qb3 Qb8  1/2-1/2

[Event "ch-RUS u20g"]
[Site "Nojabrsk RUS"]
[Date "2005.03.02"]
[Round "1"]
[White "Nebolsina,V"]
[Black "Dzhabrailova,I"]
[Result "1-0"]
[WhiteElo "2284"]
[BlackElo "2176"]

1.d4 d5 2.Nf3 Nf6 3.c4 dxc4 4.e3 e6 5.Bxc4 c5 6.O-O a6 7.a4 Nc6 8.Qe2 cxd4
9.Rd1 Be7 10.exd4 O-O 11.Nc3 Nd5 12.Ne5 Nxc3 13.bxc3 Nxe5 14.dxe5 Qc7 15.Rd4 Bd7
16.Rg4 Rfd8 17.Bh6 g6 18.h4 b5 19.axb5 axb5 20.Rxa8 Rxa8 21.Bxb5 Bxb5 22.Qxb5 Rb8
23.Rc4 Qd8 24.Qa4 Qd5 25.Re4 Ra8 26.Qd4 Ra1+ 27.Kh2 Bc5 28.Qxd5 exd5 29.Re2 d4
30.Rd2 Ra4 31.g3 Bb6 32.Rb2 Ba7 33.cxd4 Rxd4 34.Rb7 Ra4 35.Rc7  1-0

[Event "ch-RUS u20g"]
[Site "Nojabrsk RUS"]
[Date "2005.03.07"]
[Round "6"]
[White "Guseva,M"]
[Black "Dzhabrailova,I"]
[Result "1-0"]
[WhiteElo "2261"]
[BlackElo "2176"]

1.d4 d5 2.c4 dxc4 3.Nf3 Nf6 4.e3 e6 5.Bxc4 c5 6.O-O a6 7.Bb3 b5 8.a4 b4 9.Nbd2 Bb7
10.e4 cxd4 11.e5 Ne4 12.Nxe4 Bxe4 13.Nxd4 Nc6 14.Be3 Nxd4 15.Bxd4 Be7 16.Re1 Bd5
17.Bc2 O-O 18.Qg4 Rc8 19.Bd3 Bc4 20.Rad1 Bxd3 21.Rxd3 Qd5 22.Rh3 f5 23.exf6 Bxf6
24.Bxf6 Rxf6 25.Qxb4 Rc4 26.Qb8+ Rf8 27.Qb3 Qd2 28.Qe3 Qxe3 29.Rhxe3 Rxa4
30.Rxe6 Rb8 31.R6e2 Ra2 32.Rb1 a5 33.g3 a4 34.Kg2 Rb3 35.g4 Kf7 36.Rc2 h6
37.h4 a3 38.bxa3 Raxa3 39.Rc7+ Kg6 40.Re1 Rc3 41.Re6+ Kh7 42.Rf7 Rc8 43.h5 Rac3
44.Ree7 Rg8 45.f4 Rc2+ 46.Kg3 Rc3+ 47.Kh4 Rc4 48.f5 Rc1 49.f6 Rh1+ 50.Kg3 Rg1+
51.Kh2 Rf1 52.Rxg7+ Rxg7 53.Rxg7+ Kh8 54.Rg6 Kh7 55.Kh3 Rf3+ 56.Kg2 Rf4 57.Kg3 Ra4
58.Rg7+ Kh8 59.Rg6 Kh7 60.Kf3 Ra6 61.f7 Ra8 62.Kf4 Rf8 63.Rf6 Kg7 64.Ke5 Rxf7
65.Rxf7+ Kxf7 66.Kf5  1-0

[Event "Sozina Open"]
[Site "Bar SCG"]
[Date "2005.03.11"]
[Round "8"]
[White "Ionescu,Co"]
[Black "Krivokapic,M"]
[Result "1-0"]
[WhiteElo "2465"]
[BlackElo "2330"]

1.d4 d5 2.Nf3 Nf6 3.c4 dxc4 4.e3 c5 5.Bxc4 e6 6.O-O a6 7.a4 Nc6 8.Qe2 cxd4
9.Rd1 Be7 10.exd4 O-O 11.Nc3 Nb4 12.Ne5 b6 13.Qf3 Ra7 14.Be3 Bb7 15.Qe2 Ra8
16.Bb3 Rc8 17.Rac1 Nfd5 18.Bd2 Bg5 19.Nxd5 Rxc1 20.Nxb4 Rxd1+ 21.Bxd1 Qxd4
22.Bc3 Qd6 23.Bc2 Rd8 24.h4 Bf6 25.Nbd3 Rc8 26.f4 b5 27.axb5 axb5 28.Kh2 Rc7
29.Kh3 Qd5 30.Nb4 Qc5 31.Qd3 Qf2 32.Qxh7+ Kf8 33.Nec6 Qxh4+ 34.Qxh4 Bxh4
35.Kxh4 Bxc6 36.Nxc6 Rxc6 37.Bd3 Rb6 38.Bd4 Rb7 39.b4 f6 40.Be4 Rb8 41.Bc5+ Kf7
42.Bc6 Kg6 43.Kg4 Kf7 44.Kf3  1-0

[Event "TCh-SWE Elitserien 2004-5"]
[Site "Malmo SWE"]
[Date "2005.03.13"]
[Round "11"]
[White "Hoi,C"]
[Black "Degerman,L"]
[Result "1/2-1/2"]
[WhiteElo "2387"]
[BlackElo "2492"]

1.d4 d5 2.Nf3 Nf6 3.c4 dxc4 4.e3 e6 5.Bxc4 c5 6.O-O a6 7.Nc3 b5 8.Bb3 Bb7
9.Qe2 Nbd7 10.Rd1 Qc7 11.e4 cxd4 12.Nxd4 Bc5 13.Be3 O-O 14.f3 Rfd8 15.Rd2 Nf8
16.Rad1 Rd7 17.Nc2 Rad8 18.Rxd7 Rxd7 19.Rxd7 N8xd7 20.Bxc5 Nxc5 21.Qe3 Nfd7
22.Qd4 Qb6 23.Ne1 a5 24.Ne2 Ba6 25.Kf1 Qc7 26.g3 b4 27.Bd1 e5 28.Qd2 Nf8
29.Kg2 Nfe6 30.Nc2 Qd8 31.Qxd8+ Nxd8 32.Nc1 Nde6 33.Kf2 Kf8 34.Be2 Bxe2 35.Kxe2 Ke7
36.Ke3 Kd6 37.Nd3 Na4 38.f4 f6 39.Nce1 Nec5 40.Nxc5 Nxc5 41.h4 h5 42.b3 g6  1/2-1/2

[Event "ch-Privolzhsky Region"]
[Site "Ishevsk RUS"]
[Date "2005.03.18"]
[Round "3"]
[White "Tunik,G"]
[Black "Khismatullin,D"]
[Result "1/2-1/2"]
[WhiteElo "2477"]
[BlackElo "2548"]

1.d4 d5 2.c4 dxc4 3.Nf3 Nf6 4.e3 e6 5.Bxc4 c5 6.O-O cxd4 7.exd4 Be7 8.Nc3 O-O
9.Re1 Nc6 10.a3 b6 11.d5 Na5 12.Ba2 Nxd5 13.Nxd5 exd5 14.Bxd5 Bb7 15.Bxb7 Nxb7
16.Qxd8 Bxd8 17.Bf4 Rc8 18.Rac1 Bf6 19.b4 g6 20.g3 a5 21.Red1 Bb2 22.Rxc8 Rxc8
23.Rd7 Nd8 24.bxa5 bxa5 25.a4 Ne6 26.Be3 Rc4 27.Rb7 Bc3 28.Bh6 f6 29.Re7 Re4
30.h4 Bb4 31.Ra7 Rc4 32.Ra8+ Kf7 33.Ra7+ Rc7 34.Ra8 Rc4 35.Ra7+ Ke8 36.Be3 Bc3
37.Rxh7 Rxa4 38.Ra7 Rc4 39.Nd2 Bxd2 40.Bxd2 a4 41.Be3 Nc7 42.Kf1 Nb5 43.Ra5 Nc3
44.f3 Kd7 45.g4 Kc6 46.h5 gxh5 47.gxh5 Nd5 48.Bd2 Rh4 49.h6 Rh2 50.Ke1 Nb6
51.Ra7 Kb5 52.Ra5+ Kc6 53.Ra7 Kb5 54.Ra5+ Kc4 55.Ra6 Kb5  1/2-1/2

[Event "Caissa IM March"]
[Site "Kecskemet HUN"]
[Date "2005.03.24"]
[Round "5"]
[White "Jakab,A"]
[Black "Zakharchenko,A"]
[Result "1/2-1/2"]
[WhiteElo "2439"]
[BlackElo "2292"]

1.d4 d5 2.c4 dxc4 3.Nf3 Nf6 4.e3 e6 5.Bxc4 c5 6.O-O a6 7.Bb3 Nc6 8.Qe2 cxd4
9.Rd1 d3 10.Rxd3 Qc7 11.Nc3 Bd6 12.e4 Ne5 13.Nxe5 Bxe5 14.g3 Bd7 15.Be3 Bc6
16.Rc1 Qb8 17.Bc5 Bxc3 18.bxc3 Qe5 19.Ba3 Qxe4 20.Qxe4 Bxe4 21.Rd4 Bc6 22.Rcd1 Nd7
23.f4  1/2-1/2

[Event "Caissa IM March"]
[Site "Kecskemet HUN"]
[Date "2005.03.26"]
[Round "7"]
[White "Kragelj,I"]
[Black "Zakharchenko,A"]
[Result "1/2-1/2"]
[WhiteElo "2243"]
[BlackElo "2292"]

1.d4 d5 2.c4 dxc4 3.Nf3 Nf6 4.e3 e6 5.Bxc4 c5 6.O-O a6 7.Bb3 Nc6 8.Nc3 cxd4
9.exd4 Be7 10.Re1 O-O 11.Bf4 Na5 12.d5 Nxb3 13.Qxb3 exd5 14.Rad1 Be6 15.Qxb7 Re8
16.Nd4 Bf8 17.h3 Qc8 18.Qxc8 Raxc8 19.Na4 Bc5 20.Nxc5 Rxc5 21.Rc1 Rc4 22.Be3 Rec8
23.b3 Rxc1 24.Rxc1 Rxc1+ 25.Bxc1 Bd7 26.Kf1 Ne4 27.Bb2 f6 28.f3 Ng3+ 29.Kf2 Nf5
30.Nxf5 Bxf5 31.Ke3 Bb1 32.a3 Bc2 33.b4 Kf7 34.Kd4 Ke6  1/2-1/2

[Event "Spring Open"]
[Site "Belgrade SCG"]
[Date "2005.03.27"]
[Round "3"]
[White "Nestorovic,De"]
[Black "Milicevic,P"]
[Result "1-0"]
[WhiteElo "2402"]
[BlackElo "2205"]

1.d4 d5 2.c4 dxc4 3.e3 Nf6 4.Bxc4 e6 5.Nf3 c5 6.O-O a6 7.Bb3 Nc6 8.Qe2 cxd4
9.Rd1 Be7 10.exd4 O-O 11.Nc3 Nb4 12.Bg5 h6 13.Bh4 Nbd5 14.Ne5 Nxc3 15.bxc3 Nd5
16.Bxe7 Qxe7 17.Qf3 Rd8 18.c4 Nf6 19.c5 Qc7 20.Ba4 Rb8 21.Rab1 b5 22.Bb3 Bd7
23.Rbc1 Be8 24.g4 Nd5 25.h4 f6 26.Nd3 Bc6 27.g5 hxg5 28.hxg5 Qf7 29.Qg4 Kf8
30.Re1 Re8 31.g6 Qd7 32.Re2 Ke7 33.Rce1 e5 34.Qg3 Nc3 35.Nxe5 Nxe2+ 36.Rxe2 fxe5
37.Qxe5+ Kd8  1-0

[Event "It D"]
[Site "Dos Hermanas ESP"]
[Date "2005.04.03"]
[Round "3"]
[White "Pereira Figueroa,M"]
[Black "Gallardo Fernandez,C"]
[Result "1-0"]
[WhiteElo "2089"]
[BlackElo "2162"]

1.d4 d5 2.c4 dxc4 3.Nf3 Nf6 4.e3 e6 5.Bxc4 c5 6.Qe2 Nc6 7.dxc5 Bxc5 8.O-O O-O
9.e4 a6 10.e5 Nd5 11.Nbd2 Na5 12.Ne4 Nxc4 13.Nxc5 b5 14.b3 Ncb6 15.Bd2 Nd7
16.Ne4 a5 17.Rfc1 Qb6 18.Rc2 Ba6 19.Nd6 b4 20.Nc4 Qd8 21.Qe4 Nc5 22.Qd4 Nb7
23.Ng5 Ne7 24.Qe4 Nf5 25.Be3 Rc8 26.Rd2 Qe7 27.Rad1 Nc5 28.Qb1 h6 29.Bxc5 Rxc5
30.Ne4 Rc7 31.Nxa5 Ra8 32.Ng3 Nxg3 33.hxg3 g6 34.Qe4 Rac8 35.Rd6 Bb5 36.Qxb4 Be2
37.Re1  1-0